Biblioteca

Geografía humana de Colombia. (Registro nro. 39317)

Detalles MARC
000 -LÍDER
Campo fijo de descripción fija 01303aam a2200313 i 4500
001 - NÚMERO DE CONTROL
Campo de control 768717001
003 - IDENTIFICADOR DEL NÚMERO DE CONTROL
Campo de control CO-MdFUSB
005 - FECHA Y HORA DE LA ULTIMA TRANSACCIÓN
control field 20211028092258.0
008 - ELEMENTOS DE LONGITUD FIJA -- INFORMACIÓN GENERAL
Campo fijo de descripción fija -- Información general 190806t2000 ck abcd| |||| 00| 0 spa d
020 ## - NÚMERO INTERNACIONAL NORMALIZADO PARA LIBROS
Número Internacional Normalizado del libro 958900461X
040 ## - FUENTE DE CATALOGACIÓN
Idioma de catalogación spa.
Agencia de catalogación original CO-MdFUSB
Agencia que realiza la transcripción CO-MdFUSB
Agencia que realiza la modificación CO-MdFUSBC
Convenciones de la descripción rda
041 ## - CÓDIGO DE IDIOMA
Código de idioma para texto/pista de sonido o título separado spa
082 04 - NÚMERO DE CLASIFICACIÓN DECIMAL DEWEY
Número de clasificación 305.8
Número de la edición del Dewey 22
Clave de autor-Numero de item C7187g
110 ## - ASIENTO PRINCIPAL--NOMBRE CORPORATIVO
Nombre corporativo o de jurisdicción como elemento de entrada Instituto Colombiano de Cultura Hispánica.
245 10 - TÍTULO
Título del Material Geografía humana de Colombia.
Mención de responsabilidad, etc. / Instituto colombiano de Cultura Hispánica ; coordinado por Adriana Ordóñez Vásquez
264 #1 - PRODUCCIÓN, PUBLICACIÓN, DISTRIBUCIÓN, MANUFACTURA, Y COPYRIGHT
Lugar de producción, publicación, distribución, manufactura Bogotá, Colombia :
Nombre del productor, publicador, distribuidor Instituto Colombiano de Cultura Hispánica,
Fecha de producción, publicación, distribución, manufactura, o copyright [2000]
264 #4 - PRODUCCIÓN, PUBLICACIÓN, DISTRIBUCIÓN, MANUFACTURA, Y COPYRIGHT
Fecha de producción, publicación, distribución, manufactura, o copyright © 2000
300 ## - DESCRIPCIÓN FÍSICA
Extensión Tomos 1-4, 6, 7, 9, 10
Dimensiones ;24 cm
336 ## - TIPO DE CONTENIDO
Término de tipo de contenido texto
Código de tipo de contenido txt
Fuente rdacontent
337 ## - TIPO DE MEDIO
Fuente rdamedia
Nombre del tipo de medio sin mediación
Código del tipo de medio n
338 ## - TIPO DE SOPORTE
Fuente rdacarrier
Nombre del tipo de soporte volumen
Código Tipo de soporte nc
505 0# - NOTA DE CONTENIDO
Nota de contenido con formato preestablecido t.1 : Variación biológica y cultural en Colombia t.2 : Nordeste indígena t.3 : Región de la Orinoquía t.4 : Región Andina Central t.6 : Los Afrocolombianos t.7 : Amazonía Amerindia, territorio de diversidad cultural t.9 : Región del pacífico t.10 : Pagar por el paraíso. Pobladores urbanos
563 ## - NOTA DE ENCUADERNACIÓN
Nota de encuadernación Rústico
653 ## - TÉRMINO DE INDIZACIÓN - NO CONTROLADO
Término no controlado Geografía
653 ## - TÉRMINO DE INDIZACIÓN - NO CONTROLADO
Término no controlado Colombia
700 ## - ASIENTO SECUNDARIO - NOMBRE PERSONAL
9 (RLIN) 2207
Nombre personal Ordóñez Vásquez, Adriana.
Responsabilidad coordinadora
942 ## - TIPO DE MATERIAL (KOHA)
Tipo de Item KOHA Libros General
945 ## - INFORMACIÓN LOCAL DEL REGISTRO
Catalogador JTF-925
Existencias
Estado de Material Estado de Perdido Forma de Clasificación Volumen-Parte/Tomo Estado de Dañado No para Préstamo Colección Tomo Biblioteca de Origen Biblioteca Permanente Fecha de Adquisición Total de Préstamos Signatura Topográfica Código de Barras Última vez visto Ejemplar/Existencia Fecha de Remplazo Tipo de Material Total de Renovaciones Última vez Préstado
    Dewey Decimal Classification 2     Colección General 7 Biblioteca FUSBC Biblioteca FUSBC 18/01/2005   G 305.8 C7187g 10679 12/12/2019 tom. 7, vol. 2 26/01/2016 Libros General    
    Dewey Decimal Classification       Colección General 1 Biblioteca FUSBC Biblioteca FUSBC 18/01/2005   G 305.8 C7187g 8972 14/05/2026 Tom 1, Ej. 2 26/01/2016 Libros General    
    Dewey Decimal Classification       Colección General 1 Biblioteca FUSBC Biblioteca FUSBC 18/01/2005 1 G 305.8 C7187g 8971 09/06/2023 Tom. 1, Ej. 1 26/01/2016 Libros General 2 16/05/2023
    Dewey Decimal Classification       Colección General 10 Biblioteca FUSBC Biblioteca FUSBC 18/01/2005   G 305.8 C7187g 8964 12/12/2019 Tom. 10, Ej. 1 26/01/2016 Libros General    
    Dewey Decimal Classification       Colección General 9 Biblioteca FUSBC Biblioteca FUSBC 18/01/2005 1 G 305.8 C7187g 8963 09/06/2022 Tom. 9, Ej. 1 26/01/2016 Libros General   25/05/2022
    Dewey Decimal Classification       Colección General 6 Biblioteca FUSBC Biblioteca FUSBC 18/01/2005   G 305.8 C7187g 8961 12/12/2019 Tom 6, Ej. 1 26/01/2016 Libros General    
    Dewey Decimal Classification 2     Colección General 3 Biblioteca FUSBC Biblioteca FUSBC 18/01/2005   G 305.8 C7187g 8960 12/12/2019 Tom. 3, Vol.2 26/01/2016 Libros General    
    Dewey Decimal Classification 1     Colección General 3 Biblioteca FUSBC Biblioteca FUSBC 18/01/2005   G 305.8 C7187g 8959 12/12/2019 Tom. 3, Vol. 1 26/01/2016 Libros General    
    Dewey Decimal Classification       Colección General 2 Biblioteca FUSBC Biblioteca FUSBC 18/01/2005   G 305.8 C7187g 8958 12/12/2019 Tom, 2, Ej. 1 26/01/2016 Libros General    
    Dewey Decimal Classification 2     Colección General 4 Biblioteca FUSBC Biblioteca FUSBC 05/11/2014   G 305.8091861 C7187g 18396 12/12/2019 Tom. 4, vol. 2 26/01/2016 Libros General    
    Dewey Decimal Classification 1     Colección General 4 Biblioteca FUSBC Biblioteca FUSBC 05/11/2014   G 305.8091861 C7187g 18395 12/12/2019 Tom. 4, vol. 1 26/01/2016 Libros General    
    Dewey Decimal Classification       Colección General 7 Biblioteca FUSBC Biblioteca FUSBC 18/01/2005 1 G 305.8 C7187g 10680 10/06/2022 Tom. 7, vol. 1 26/01/2016 Libros General   25/05/2022

Biblioteca FUSBC | Teléfono: (57+4) 349 88 10 Ext. 141| WhatsApp (+57) 3005338115 
E-mail: biblioteca@unisbc.edu.co | Calle 76 87-14 Robledo Palenque, Medellín, Colombia

Con tecnología Koha